[Event "SRB-chT 1st League Women 2018"]
[Site "Zajecar"]
[Date "2018.08.31"]
[Round "1"]
[White "Atalik, Ekaterina"]
[Black "Badelka, Olga"]
[Result "1/2-1/2"]
[WhiteElo "2461"]
[BlackElo "2416"]
[Annotator "TA"]
[PlyCount "40"]
[EventDate "2018.08.31"]
[EventType "team-tourn"]
[EventCountry "SRB"]
[SourceTitle "playchess.com"]
[Source "ChessBase"]
[SourceQuality "1"]

{[%evp 13,40,17,30,19,29,23,33,28,27,27,54,8,15,-9,-9,0,0,0,0,0,0,-10,-7,-18,-12,-6,0,0,0]} 1. d4 d5 {[%cal Bd7d5,Bd5c4][%mdl 32]} 2. c4 dxc4 3. Nf3 Nf6 4. e3 b5 5. a4 b4 6. Nbd2 {D25: Queen's Gambit Accepted: 4 e3: sidelines and 4...Bg4} (6. Bxc4 e6 7. O-O Be7 8. Qe2 O-O 9. b3 Bb7 10. Bb2 Nbd7 11. Nbd2 c5 12. Rac1 Rc8 {½-½ (27) Bu,X (2730)-Inarkiev,E (2689) Riadh 2017}) 6... e6 7. Nxc4 Be7 {LiveBook: 5 Games} 8. Bd3 {White has an edge.} Bb7 9. O-O $146 ({Predecessor:} 9. Qe2 c5 10. dxc5 Be4 11. Nd6+ Bxd6 12. cxd6 Qxd6 13. Bxe4 Nxe4 {½-½ (43) Cyborowski,L (2548)-Sadzikowski,D (2457) Wroclaw 2013}) 9... c5 10. Qe2 Nbd7 11. Rd1 cxd4 12. exd4 O-O {The position is equal.} 13. Bf4 Nb6 14. Nce5 Nbd5 15. Bd2 a5 16. Re1 Qb6 17. Rac1 Ba6 18. Nc4 Qa7 19. Nfe5 Bb7 20. Be3 Rac8 {Precision: White = 41%, Black = 57%.} 1/2-1/2

[Event "SRB-chT 1st League Women 2018"]
[Site "Zajecar"]
[Date "2018.08.31"]
[Round "1"]
[White "Gaponenko, Inna"]
[Black "Rapport, Jovana"]
[Result "1/2-1/2"]
[WhiteElo "2410"]
[BlackElo "2354"]
[Annotator "TA"]
[PlyCount "33"]
[EventDate "2018.08.31"]
[EventType "team-tourn"]
[EventCountry "SRB"]
[SourceTitle "playchess.com"]
[Source "ChessBase"]
[SourceQuality "1"]

{[%evp 10,33,16,22,33,41,74,72,104,108,110,96,109,110,104,73,81,81,92,94,82,0,75,0,100,0]} 1. e4 c6 2. d4 d5 3. exd5 cxd5 4. Nf3 Nf6 5. Ne5 e6 (5... Nc6 6. Bb5 Bd7 7. Nxd7 Qxd7 8. c3 e6 9. O-O Bd6 10. Nd2 O-O 11. Re1 a6 12. Bd3 e5 13. dxe5 Nxe5 {1-0 (52) Kramnik,V (2787)-Caruana,F (2811) Wijk aan Zee 2018}) 6. c3 {LiveBook: 6 Partien. B13: Caro-Kann (Abtausch-Variante 4.c4)} Nfd7 7. f4 $146 {[%cal Bf2f4,Bf4e5][%mdl 32]} ({Vorgänger:} 7. Bb5 a6 8. Qh5 g6 9. Qf3 Qe7 10. Bg5 Qxg5 11. Qxf7+ Kd8 12. Bxd7 {0-1 (39) Becker,M (2313)-Lopez Martinez,J (2563) Dresden 2007}) 7... Nxe5 8. fxe5 Qh4+ {[#]} 9. g3 $1 {[%cal Rg3h4]} Qe4+ {[#]} 10. Kf2 $1 Qg6 11. Be2 {Und Lh5 würde nun gewinnen.} Be7 12. Bh5 Qf5+ 13. Kg2 {Und weiter mit Tf1 wäre nett.} Qe4+ 14. Bf3 Qg6 15. Bh5 Qe4+ $1 16. Bf3 Qg6 $1 17. Bh5 {Precision: Weiß = 58%, Schwarz = 73%.} (17. Be2 $16 Qe4+ 18. Kg1 (18. Bf3 Qg6 $16)) 1/2-1/2

[Event "SRB-chT 1st League Women 2018"]
[Site "Zajecar"]
[Date "2018.08.31"]
[Round "1"]
[White "Bulmaga, Irina"]
[Black "Bojkovic, Natasa"]
[Result "1/2-1/2"]
[WhiteElo "2401"]
[BlackElo "2384"]
[Annotator "TA"]
[PlyCount "171"]
[EventDate "2018.08.31"]
[EventType "team-tourn"]
[EventCountry "SRB"]
[SourceTitle "playchess.com"]
[Source "ChessBase"]
[SourceQuality "1"]

{[%evp 29,171,28,51,49,53,50,53,51,47,37,62,49,63,51,59,52,61,60,63,0,51,0,0,0,0,0,0,0,0,0,0,0,0,0,0,-145,-157,-141,-77,-77,-69,-68,-73,-105,-106,-117,-110,-114,-118,-110,-114,-124,-49,-53,-63,-64,-35,-51,-49,-48,-19,-19,-19,-47,-12,-12,-12,-12,-12,-12,-19,-43,-43,-43,-19,-29,-22,-29,-11,-12,-12,-20,-20,-58,-12,-47,-19,-47,0,-47,-47,-58,-58,-58,-58,-58,-58,-109,-109,-108,-58,-58,-58,-58,-58,-58,-58,-58,-58,-58,-58,-58,-58,-58,-58,-58,-58,-58,-58,-58,-58,-58,-58,-58,-58,-58,-58,-58,-58,-58,0,-58,0,-58,-58,-58,-58,-58,-58,-58,-58,-58,0,-58]} 1. e4 c5 2. Nf3 e6 3. d4 cxd4 4. Nxd4 a6 5. c4 Nf6 6. Nc3 Qc7 7. a3 b6 8. Be3 Bb7 9. f3 d6 10. Be2 Be7 11. O-O O-O {B41: Sicilian: Kan Variation: 5 c4} 12. Rc1 Nbd7 13. b4 Rfc8 14. Qd2 Qd8 15. Nb3 Rab8 {LiveBook: 4 Games} 16. Rfd1 {[#]} h6 $146 17. Qe1 Ne8 18. Qf2 Bh4 19. Qf1 Bg5 20. f4 Be7 21. Bf3 Qc7 22. Nd4 Nef6 23. Qf2 Qd8 24. Qf1 Qc7 25. Nd5 (25. b5 $14) 25... exd5 $11 26. cxd5 Qd8 27. Nc6 Qe8 28. Nxb8 Rxb8 29. Bd4 Bd8 30. Re1 b5 31. Qf2 Ba8 32. Rc6 (32. g4 $11 {keeps the balance.}) 32... Bxc6 $17 33. dxc6 {[#]} Ne5 $1 {[%mdl 512]} 34. fxe5 dxe5 35. Qg3 Bb6 $1 {[%cal Rb6d4]} 36. Bxb6 Rxb6 37. Rc1 Rxc6 38. Rxc6 Qxc6 39. Qxe5 Qc1+ 40. Kf2 Qxa3 (40... Qd2+ $17 41. Kg3 Qe1+ 42. Kh3 g5) 41. Qb8+ $1 $15 Kh7 42. e5 Qb2+ 43. Kg3 Nd7 44. Qe8 {Intending Be4+ and mate.} Qxe5+ (44... Qd4 {with more complications.} 45. Qxf7 Nxe5 46. Qf5+ g6 47. Qf8 Nxf3 48. Kxf3 Qd5+) 45. Qxe5 Nxe5 {[%mdl 4096] Endgame KB-KN} 46. Bb7 Kg6 {Hoping for ...Nc4.} 47. Bxa6 Nc6 48. Bxb5 Nxb4 49. Kf4 Nd5+ 50. Kf3 Kf6 51. Bc4 Nb6 52. Bb3 Nd7 53. Kf4 g5+ 54. Ke3 Ne5 {...Ng4+ is the strong threat.} 55. h3 Ng6 56. Kf3 h5 57. Kg3 Ne5 58. Bc2 Ng6 59. Bb3 $1 Ne7 60. Bc4 Nf5+ 61. Kf3 Nd6 62. Be2 Ke5 63. Ke3 (63. g3 $15) 63... Nf5+ $17 64. Kf2 Ng7 65. Bc4 f5 66. Be2 Kf4 67. g3+ Ke4 68. Bf3+ Ke5 69. Ke3 g4 70. hxg4 hxg4 71. Bc6 Ne6 72. Kf2 Ng5 73. Bd7 Ne4+ 74. Kg2 Nd6 75. Bc6 Kd4 76. Ba4 Ke3 77. Bd7 Ke2 78. Be6 Ke1 79. Kg1 Ke2 {Strongly threatening ...Kf3.} 80. Kg2 Ke3 81. Bd7 Ke4 82. Kf2 Nf7 83. Bc6+ Ke5 84. Bd7 Ng5 85. Bc8 Ne6 ({Black should play} 85... Ne4+ $15 86. Kg2 Kf6) 86. Bd7 {Precision: White = 66%, Black = 67%.} (86. Bxe6 $1 $11 Kxe6 87. Ke2) 1/2-1/2

[Event "SRB-chT 1st League Women 2018"]
[Site "Zajecar"]
[Date "2018.08.31"]
[Round "1"]
[White "Ambartsumova, Karina"]
[Black "Zimina, Olga"]
[Result "1/2-1/2"]
[WhiteElo "2377"]
[BlackElo "2421"]
[Annotator "TA"]
[PlyCount "88"]
[EventDate "2018.08.31"]
[EventType "team-tourn"]
[EventCountry "SRB"]
[SourceTitle "playchess.com"]
[Source "ChessBase"]
[SourceQuality "1"]

{[%evp 17,88,18,58,50,51,62,52,49,56,21,22,-54,0,-75,-51,-84,-88,-88,-79,-114,-115,-150,-133,-212,-212,-210,-94,-88,-81,-165,-80,-89,-2,-14,-2,-65,-67,-101,-97,-307,-34,-29,-31,-29,-28,-50,-44,-62,-58,-57,-54,-58,-61,-72,-84,-92,-50,-52,-35,-31,0,-8,-8,-22,0,0,0,0,0,0,0,0,0]} 1. d4 d5 2. c4 c6 3. Nf3 {[%cal Bg1f3,Bf3e5,Be5d3,Bd3f4][%mdl 32]} Nf6 4. e3 Bg4 5. Nc3 e6 6. h3 Bh5 7. Qb3 {D11: Damengambit (Slawische Verteidigung)} (7. g4 Bg6 8. Ne5 Nbd7 9. Nxg6 hxg6 10. g5 Ne4 11. Nxe4 dxe4 12. h4 Bb4+ 13. Bd2 Qa5 14. a3 Bxd2+ 15. Qxd2 Qxd2+ 16. Kxd2 {½-½ (35) Ding,L (2777)-Saric,I (2669) Riadh 2017}) 7... Qb6 8. Ne5 Nfd7 9. Nd3 Na6 {LiveBook: 3 Partien} 10. Qa4 Bg6 11. Nf4 $146 ({Vorgänger:} 11. c5 Qd8 12. b4 Nc7 13. b5 cxb5 14. Nxb5 Nxb5 15. Qxb5 {½-½ (35) Parligras,M (2633)-Michalik,P (2508) Kozloduy 2012}) 11... Bf5 12. a3 g5 13. Nd3 Qd8 14. c5 (14. Qb3 $11) 14... e5 (14... Bg7 $15) 15. Be2 (15. Nxe5 $11 {hält das Gleichgewicht.} Naxc5 16. dxc5 Nxe5 17. e4 dxe4 18. Nxe4) 15... Bg7 $1 $17 16. O-O O-O 17. Bd2 Re8 18. Nxe5 Naxc5 $1 19. dxc5 {Droht Sxd7 und aus.} Bxe5 ({Viel schwächer ist} 19... Nxe5 20. Rad1 $17) 20. b4 (20. Qd1 $17 {kämpft weiter.}) 20... Qf6 $1 $19 21. Rac1 Bc7 (21... Qh6 $1 $19 {ist viel giftiger. Weiss muss nun ...Lxh3! beachten.} 22. f3 a5 $1 {[%mdl 512]} 23. bxa5 Nxc5) 22. Qd1 $17 Ne5 $36 {[%mdl 2048] Weiss steht unter starkem Druck.} 23. Be1 (23. f4 $17 {ist wohl besser.}) 23... Ng6 (23... Qg6 $19 {und Schwarz behält klar die Oberhand. Droht stark ...g4.} 24. g4 Bd3 25. Bxd3 Nxd3) 24. Bg4 Qe5 ({Günstiger ist} 24... Bxg4 $17 25. Qxg4 Ne5) 25. g3 $11 Rad8 {Weiss sollte ...d4 verhindern.} 26. Bxf5 ({Lieber} 26. Ne2 $11) 26... Qxf5 $15 27. Kg2 {[#]} Ne5 $1 28. g4 $2 (28. Qh5 $17 {war einen Versuch wert.}) 28... Qd3 $2 ({Besser ist} 28... Qf6 $19 29. Bd2 Ng6) 29. Qxd3 $1 Nxd3 30. Rd1 Nb2 31. Rb1 Nc4 32. a4 d4 33. exd4 Rxd4 34. Rd1 Be5 35. Kf3 Rf4+ 36. Kg2 Bd4 37. Rc1 $1 Bf6 38. Rc2 Ne5 39. Re2 {Die Stellung ist ausgeglichen.} Kf8 40. Bd2 Rc4 41. Ne4 Nd3 $1 42. Kf3 Ne5+ 43. Kg2 Nd3 $1 44. Kf3 Ne5+ {Precision: Weiß = 39%, Schwarz = 41%.} 1/2-1/2

[Event "SRB-chT 1st League Women 2018"]
[Site "Zajecar"]
[Date "2018.08.31"]
[Round "1"]
[White "Injac, Teodora"]
[Black "Matkovic, Simana"]
[Result "1-0"]
[WhiteElo "2271"]
[BlackElo "1937"]
[Annotator "TA"]
[PlyCount "57"]
[EventDate "2018.08.31"]
[EventType "team-tourn"]
[EventCountry "SRB"]
[SourceTitle "playchess.com"]
[Source "ChessBase"]
[SourceQuality "1"]

{[%evp 28,57,4,0,14,0,0,0,54,51,107,88,146,139,372,369,580,166,568,564,550,562,553,557,792,776,707,543,534,536,1016,990]} 1. d4 d5 2. c4 e6 3. Nc3 Nf6 {[%cal Bg8f6,Bf6h5,Bh5g7][%mdl 32]} 4. cxd5 exd5 5. Bg5 c6 6. e3 Be7 7. Bd3 Nbd7 8. Qc2 Nh5 9. Bxe7 Qxe7 10. O-O-O g6 11. g4 {D36: Queen's Gambit Declined: Exchange Variation: Main line (5 Bg5 c6 6 Qc2)} Ng7 12. Nf3 Nb6 13. h3 Be6 14. Kb1 O-O-O 15. Na4 {LiveBook: 28 Games} Nxa4 (15... Ne8 16. Rc1 Nd6 17. Nc5 Kb8 18. Ne5 Bc8 19. Rhe1 f6 20. Nf3 {½-½ (40) Li,C (2741)-Hammer,J (2629) Palma de Mallorca 2017}) 16. Qxa4 Kb8 17. Rc1 {[%cal Bd1c1,Bc1c3,Bc3a3][%mdl 32]} Rc8 (17... Ne8 $11) 18. Rc3 $14 Rhd8 $146 (18... Ne8 $14) ({Predecessor:} 18... Rc7 19. Rhc1 Ne8 20. Ra3 {½-½ (28) Hammes,M (2317)-Hoffman,A (2467) Porto 2016}) 19. Rhc1 $16 Rd6 {[#]} ({Black should try} 19... Ne8) 20. Ra3 $1 $36 {[%mdl 2048] Black is under strong pressure.} b6 $2 (20... b5 $16 21. Qa5 Qc7) 21. Ne5 $18 c5 (21... Ne8 $142 22. Nxc6+ Rdxc6 23. Rxc6 Rxc6) 22. Bb5 $2 (22. dxc5 bxc5 {[#]} 23. Rxc5 $1 {[%mdl 512]}) 22... Rc7 $2 (22... c4 {is a better chance.} 23. Nc6+ Rcxc6) 23. dxc5 {White is clearly winning.} bxc5 24. Nc6+ Rdxc6 25. Bxc6 Qd6 26. Qb5+ Kc8 27. Qxc5 Qxc5 28. Rxc5 Bd7 29. Bxd7+ {Precision: White = 76%, Black = 15%.} 1-0

[Event "SRB-chT 1st League Women 2018"]
[Site "Zajecar"]
[Date "2018.08.31"]
[Round "1"]
[White "Benderac, Ana"]
[Black "Miladinovic, Lena"]
[Result "0-1"]
[WhiteElo "2239"]
[BlackElo "2098"]
[Annotator "TA"]
[PlyCount "54"]
[EventDate "2018.08.31"]
[EventType "team-tourn"]
[EventCountry "SRB"]
[SourceTitle "playchess.com"]
[Source "ChessBase"]
[SourceQuality "1"]

{[%evp 20,54,8,9,13,18,51,70,73,24,26,16,31,-100,-91,-104,-102,-104,-97,-95,-90,-85,-93,-95,-84,-435,-432,-1587,-1585,-1378,-936,-1475,-1414,-29984,-1153,-1940,-1885]} 1. e4 c5 2. Nc3 Nc6 3. Bb5 Nd4 4. Bc4 e6 5. Nf3 Nf6 6. O-O a6 7. d3 {B30: Sicilian: 2...Nc6 3 Bb5, lines without ...g6} (7. Bb3 d6 8. d3 Nxb3 9. axb3 Be7 10. d4 cxd4 11. Qxd4 O-O 12. Rd1 e5 13. Qd3 h6 14. Nd2 b5 {½-½ (58) Inarkiev,E (2730)-Gelfand,B (2734) Magas 2016}) 7... b5 8. Bb3 Nxb3 9. axb3 Bb7 10. e5 b4 11. Na4 {LiveBook: 16 Games} Nd5 12. Ng5 d6 $146 ({Predecessor:} 12... Qc7 13. Qf3 d6 14. Qh5 g6 15. exd6 Bxd6 {½-½ (57) Milher,A (2373)-Sheretyuk,A (2426) ICCF email 2008}) 13. f4 {Hoping for f5.} Be7 14. Ne4 Rc8 15. Qg4 O-O 16. Rf3 (16. c4 $14 {keeps the upper hand.} bxc3 17. bxc3) 16... f5 $1 $17 {[%cal Rf5g4]} 17. exf6 Nxf6 18. Qxe6+ Kh8 19. Rh3 Nxe4 20. dxe4 {[#]} Bf6 $1 21. e5 dxe5 {[%cal Bd6e5,Be5f4,Bf4e3][%mdl 32]} 22. Be3 $2 {[%mdl 8192]} (22. Rd3 $17 Qc7 23. Rd7) 22... exf4 $19 23. Nxc5 (23. Bf2 $142 Bd4 24. Qg6) 23... fxe3 24. Nxb7 Qd4 {( -> ...e2+)} 25. Kh1 Rce8 26. Qf5 h6 (26... Bh4 $142 27. Rxe3 Qxe3 28. Qc5 Qd2 29. Qg1 Qxc2 30. Nd6 Re2 31. Rc1 Qxb2 32. h3 Qxb3 33. Nf5 Re1 34. Rxe1 Bxe1 35. Qxe1 Rxf5 36. Kh2 a5 37. h4 Rf8 38. Qe7 Kg8 39. h5 Qf7 40. Qe1 Qxh5+ 41. Kg1 b3 42. Qe6+ Qf7 43. Qe2 {[#]} Qf1+ $1 {[%mdl 512]} 44. Qxf1 Rxf1+ 45. Kxf1 a4 46. Ke2 b2 47. Ke3 b1=Q 48. g4 a3 49. g5 a2 50. g6 hxg6 51. Kf3 Qf5+ 52. Ke3 a1=Q 53. Kd2 Qf2+ 54. Kd3 Qad4#) 27. Re1 Qd2 {Precision: White = 26%, Black = 78%.} 0-1

[Event "SRB-chT 1st League Women 2018"]
[Site "Zajecar"]
[Date "2018.08.31"]
[Round "1"]
[White "Gajcin, Marina"]
[Black "Velikic, Adela"]
[Result "0-1"]
[WhiteElo "2228"]
[BlackElo "2339"]
[Annotator "TA"]
[PlyCount "78"]
[EventDate "2018.08.31"]
[EventType "team-tourn"]
[EventCountry "SRB"]
[SourceTitle "playchess.com"]
[Source "ChessBase"]
[SourceQuality "1"]

{[%evp 21,78,50,54,24,18,19,21,16,41,-7,0,-58,-59,-58,-57,-57,-64,-58,-58,-55,-47,-59,-65,-61,-62,-98,-76,-80,-78,-115,-114,-109,-92,-186,-181,-218,-222,-326,-323,-509,-502,-779,-760,-758,-765,-1157,-1108,-1662,-1618,-1467,-1437,-1141,-645,-830,-822,-818,-816,-769,-768]} 1. e4 c5 2. Nf3 d6 3. d4 cxd4 4. Nxd4 Nf6 5. Nc3 a6 6. h3 e5 7. Nde2 h5 {B90: Sicilian Najdorf: Unusual White 6th moves, 6 Be3 Ng4 and 6 Be3 e5} (7... b5 8. Ng3 Qc7 9. Bd3 g6 10. Bg5 Nbd7 11. O-O Bg7 12. a4 bxa4 13. Rxa4 O-O 14. Qd2 Bb7 15. Ra3 Nc5 16. Bxf6 Bxf6 {1-0 (52) Harikrishna,P (2739)-Kokarev,D (2608) Linares 2018}) 8. Bg5 Be6 9. Bxf6 Qxf6 10. Nd5 Bxd5 11. Qxd5 Nc6 {[%cal Bb8c6,Bc6a5,Ba5c4][%mdl 32] LiveBook: 3 Games} 12. h4 $146 ({Predecessor:} 12. c3 g6 13. Rd1 Rd8 14. Nc1 Rd7 15. Bc4 {0-1 (67) Tokhirjonova,G (2297)-Nguyen,A (2482) Ho Chi Minh City 2017}) 12... Be7 13. c3 O-O 14. Rd1 Rac8 {[%cal Ba8c8,Bc8c7,Bc7c4][%mdl 32]} 15. Rd3 b5 16. g3 (16. Rf3 $11 Qe6 17. Qxe6 fxe6 18. Rxf8+ Kxf8 19. Kd2) 16... Na5 $1 $15 17. b4 Nc4 18. Bh3 Rc7 19. O-O Qg6 20. Bf5 Qh6 $1 21. Kh2 Nb6 22. Qb3 Rc4 23. f3 Rd8 24. Qd1 Rc7 25. Nc1 Nc4 {Strongly threatening ...Ne3.} 26. Qe2 {[#]} d5 $1 {[%mdl 512]} 27. exd5 {[#]} (27. Nb3 $17) (27. Rxd5 Rxd5) 27... Bxh4 $1 $19 {[%mdl 512]} 28. f4 (28. gxh4 Qf4+) 28... Bf6 {[%cal Bh4f6,Bf6e5,Be5d6][%mdl 32]} 29. d6 (29. Nb3 $142) 29... Rxd6 30. fxe5 (30. Rxd6 $142 Nxd6 31. fxe5 Nxf5 32. Rxf5) 30... Bxe5 {Black is clearly winning.} 31. Qe4 (31. Kh1 $142 Re7 32. Qe4) 31... g6 32. Rxd6 Bxd6 33. Bh3 h4 34. Ne2 Re7 35. Qa8+ Kg7 36. Qf3 Qe3 37. Nf4 hxg3+ 38. Qxg3 Qxg3+ 39. Kxg3 g5 {Precision: White = 30%, Black = 80%.} 0-1

[Event "SRB-chT 1st League Women 2018"]
[Site "Zajecar"]
[Date "2018.08.31"]
[Round "1"]
[White "Maksimovic, Suzana"]
[Black "Ostojic, Katarina"]
[Result "1/2-1/2"]
[WhiteElo "2166"]
[BlackElo "2098"]
[Annotator "NA RC"]
[PlyCount "71"]
[EventDate "2018.08.31"]
[EventType "team-tourn"]
[EventCountry "SRB"]
[SourceTitle "playchess.com"]
[Source "ChessBase"]
[SourceQuality "1"]
[TimeControl "40/5400+30:1800+30"]

1. d4 {[%emt 0:00:00]} c5 {[%emt 0:00:00]} 2. d5 {[%emt 0:01:59]} Nf6 {[%emt 0:00:19]} 3. Nc3 {[%emt 0:00:19]} e6 {[%emt 0:01:51]} 4. e4 {[%emt 0:00:34]} d6 {[%emt 0:00:29]} 5. Bg5 {[%emt 0:14:27] A43: Schmid Benoni} (5. Bb5+ Bd7 6. a4 exd5 7. exd5 Be7 8. Nf3 O-O 9. h3 Re8 10. O-O Na6 11. Nd2 Nb4 12. Nc4 Rb8 13. Ne3 Bf8 14. Bc4 g6 15. Nb1 Bg7 16. c3 Na6 17. Na3 Nc7 18. Nb5 Nxb5 19. Bxb5 a6 20. Bxd7 Nxd7 21. a5 {½-½ (21) Campos Moreno,J (2413)-Munoz Pantoja,M (2497) Castell de Sant Ferran 2017}) 5... e5 {[%emt 0:08:41] LiveBook: 7 Games} 6. Be2 {[%emt 0:11:56]} Be7 {[%emt 0:02:36]} 7. h4 $146 {[%emt 0:01:02]} ({Predecessor:} 7. Be3 O-O 8. g4 Ne8 9. h4 Bxh4 10. Qd2 Be7 11. Nh3 Nd7 12. O-O-O {0-1 (46) Sahu,S (2227)-Tesik,C (2299) Budapest 2011}) 7... Na6 {[%emt 0:15:31]} 8. Nf3 {[%emt 0:17:23]} O-O {[%emt 0:03:24]} 9. Nd2 {[%emt 0:05:43]} Nc7 {[%emt 0:07:00]} 10. a4 {[%emt 0:03:11]} b6 {[%emt 0:06:50]} 11. Nc4 {[%emt 0:04:36]} Rb8 {[%emt 0:10:05]} 12. Bxf6 {[%emt 0:10:55]} Bxf6 {[%emt 0:00:26]} 13. Nb5 {[%emt 0:00:21]} Nxb5 {[%emt 0:13:21]} 14. axb5 {[%emt 0:00:06]} Ra8 {[%emt 0:01:16]} 15. Ra3 {[%emt 0:05:38]} a6 {[%emt 0:07:35]} 16. Ne3 $11 {[%emt 0:01:59]} Bd7 {[%emt 0:02:29]} 17. bxa6 {[%emt 0:05:18]} b5 {[%emt 0:00:15]} 18. Nf5 {[%emt 0:04:02]} Qb6 {[%emt 0:03:50]} 19. O-O {[%emt 0:03:57]} Rxa6 {[%emt 0:01:56]} 20. Rxa6 {[%emt 0:00:25]} Qxa6 {[%emt 0:00:03]} 21. Bg4 {[%emt 0:00:09]} Bxf5 {[%emt 0:00:53]} 22. Bxf5 {[%emt 0:00:20]} g6 {[%emt 0:00:45]} 23. Qg4 {[%emt 0:02:23]} Bg7 {[%emt 0:02:34]} 24. Bd7 {[%emt 0:00:15]} b4 {[%emt 0:01:38]} 25. b3 {[%emt 0:00:40]} Qa2 {[%emt 0:00:57]} 26. Qe2 {[%emt 0:00:26]} Ra8 {[%emt 0:00:32]} 27. Bb5 {[%emt 0:02:00]} Ra3 {[%emt 0:01:01]} 28. g3 {[%emt 0:00:33]} Qb2 {[%emt 0:00:16]} 29. Qd1 {[%emt 0:00:37]} Ra2 {[%emt 0:00:35]} 30. Bd3 {[%emt 0:00:14]} Ra3 {[%emt 0:01:56]} 31. Qg4 {[%emt 0:00:37]} Ra1 {[%emt 0:00:40]} 32. h5 {[%emt 0:01:14]} Rxf1+ {[%emt 0:00:37]} 33. Kxf1 {[%emt 0:00:02]} Qc1+ {[%emt 0:01:00]} 34. Kg2 {[%emt 0:00:06]} Qh6 {[%emt 0:01:15]} 35. hxg6 {[%emt 0:00:44]} hxg6 {[%emt 0:00:14]} 36. Qc8+ {[%emt 0:01:07]} 1/2-1/2

[Event "SRB-chT 1st League Women 2018"]
[Site "Zajecar"]
[Date "2018.08.31"]
[Round "1"]
[White "Djukic, Sandra"]
[Black "Chelushkina, Irina"]
[Result "1-0"]
[WhiteElo "2162"]
[BlackElo "2280"]
[Annotator "TA"]
[PlyCount "125"]
[EventDate "2018.08.31"]
[EventType "team-tourn"]
[EventCountry "SRB"]
[SourceTitle "playchess.com"]
[Source "ChessBase"]
[SourceQuality "1"]

{[%evp 12,125,42,28,64,64,122,122,135,132,185,137,121,129,109,75,85,80,94,70,68,46,46,49,83,47,49,55,97,104,102,62,139,87,79,71,87,72,83,86,89,89,131,56,114,117,125,108,125,124,165,165,165,165,164,164,160,0,160,0,156,155,153,145,246,212,208,181,184,176,274,250,267,262,252,188,298,269,627,627,562,518,768,505,443,395,721,508,506,489,471,463,474,464,562,540,531,513,465,363,325,321,317,306,712,628,752,757,740,733,29941,5888,29964,29956,29987,29988]} 1. d4 d6 2. Nf3 g6 3. c4 Bg7 4. Nc3 Nc6 5. h3 e5 6. d5 {A41: 1 d4 d6: Tartakower System and Modern Defence} (6. dxe5 dxe5 7. Qxd8+ Kxd8 8. Bd2 Be6 9. O-O-O Kc8 10. e3 f6 11. g4 Nge7 12. Ne4 b6 13. Bc3 {1-0 (89) Usmanov,V (2459)-Sjugirov,S (2650) Sochi 2017}) 6... Nce7 7. e4 {LiveBook: 7 Games} h6 8. g4 {White is slightly better.} f6 $146 (8... a5 $14) ({Predecessor:} 8... c6 9. c5 cxd5 10. Bb5+ Kf8 11. exd5 a6 12. cxd6 Qxd6 13. O-O axb5 14. Nxb5 Qc5 15. d6 Qxb5 16. dxe7+ Nxe7 17. Be3 Be6 {0-1 (17) Renteria,R (2106)-Herrera,J (2189) Cali 2017}) 9. Nh4 $16 h5 {[#] White must now prevent ...hxg4.} 10. g5 c6 (10... c5 $16 {was worth a try.} 11. Qf3 Qb6) 11. gxf6 Bxf6 12. Nf3 Nh6 13. Be3 Nf7 14. Qd2 cxd5 15. cxd5 Bd7 16. h4 a6 17. Be2 b5 18. a3 Rb8 19. Ng5 Bxg5 20. hxg5 Nc8 21. O-O-O Qa5 ({Black should play} 21... a5 $14) 22. Na2 (22. Kb1 $142) 22... Qxd2+ 23. Kxd2 a5 24. b3 O-O 25. Rc1 $36 {[%mdl 2048] Keeping Black busy.} Rb7 26. Rc2 Ne7 27. Bf1 (27. Rhc1 $16) 27... Rc8 ({Black should try} 27... Nc8 $14) 28. Rxc8+ Nxc8 29. Be2 Kg7 30. Rc1 Ne7 31. b4 a4 32. Nc3 Rb8 33. Rh1 Nc8 34. Rc1 Ne7 35. Rh1 $2 (35. f4 $16) 35... Rb7 $2 (35... Nc8 $1 $11) 36. Rf1 Nc8 37. Rc1 Nb6 (37... Ne7 $16 38. f4 Kg8 39. fxe5 Nxe5) 38. Nxb5 Nxd5 39. Nxd6 Nxd6 40. exd5 {Ba6 is the strong threat.} h4 (40... Nb5 $142 41. Bxb5 Bxb5) 41. Ba6 Rb8 42. Rc7 Rd8 43. Ke2 h3 (43... Kg8 $142 44. Kf3 Bf5) 44. Kf1 $18 Nf7 $2 (44... Kg8 45. Bb6 Rb8) 45. Kg1 Bf5 46. Bc4 Bd7 47. Kh2 Nd6 48. Bf1 Nf7 $2 (48... Kg8 49. Bb6 Bg4 50. Bxh3 Bxh3) 49. Bxh3 Bxh3 50. Kxh3 Rxd5 {[%mdl 4096] Endgame KRB-KRN} 51. Ra7 Rd3 52. Rxa4 Nxg5+ 53. Kg4 Ne4 54. Ra7+ Kf6 55. Ra6+ Kf7 56. b5 {[%cal Bb4b5,Bb5b6,Bb6b7][%mdl 32]} Nf6+ 57. Kf3 Rb3 $2 (57... e4+ 58. Kf4 g5+ 59. Kxg5 Rd5+ 60. Kf4 Rxb5) 58. b6 e4+ 59. Kg2 Nd5 60. a4 Ke6 61. b7+ Kd7 {[#]} 62. Bb6 $1 {[%mdl 512]} Nf4+ (62... Rxb6 63. Rxb6) 63. Kg1 {Precision: White = 69%, Black = 27%.} 1-0